<?xml version="1.0" encoding="UTF-8"?><?xml-stylesheet type="text/xsl" href="static/style.xsl"?><OAI-PMH xmlns="http://www.openarchives.org/OAI/2.0/" xmlns:xsi="http://www.w3.org/2001/XMLSchema-instance" xsi:schemaLocation="http://www.openarchives.org/OAI/2.0/ http://www.openarchives.org/OAI/2.0/OAI-PMH.xsd"><responseDate>2026-06-02T02:13:48Z</responseDate><request verb="GetRecord" identifier="oai:riuma.uma.es:10630/10556" metadataPrefix="marc">https://riuma.uma.es/rest/oai/request</request><GetRecord><record><header><identifier>oai:riuma.uma.es:10630/10556</identifier><datestamp>2026-02-03T12:09:01Z</datestamp><setSpec>com_10630_2254</setSpec><setSpec>col_10630_37959</setSpec></header><metadata><record xmlns="http://www.loc.gov/MARC21/slim" xmlns:dcterms="http://purl.org/dc/terms/" xmlns:doc="http://www.lyncode.com/xoai" xmlns:xsi="http://www.w3.org/2001/XMLSchema-instance" xsi:schemaLocation="http://www.loc.gov/MARC21/slim http://www.loc.gov/standards/marcxml/schema/MARC21slim.xsd">
   <leader>00925njm 22002777a 4500</leader>
   <datafield ind2=" " ind1=" " tag="042">
      <subfield code="a">dc</subfield>
   </datafield>
   <datafield ind2=" " ind1=" " tag="720">
      <subfield code="a">Cana Quijada, José Francisco</subfield>
      <subfield code="e">author</subfield>
   </datafield>
   <datafield ind2=" " ind1=" " tag="720">
      <subfield code="a">Rosas-Díaz, Tábata Victoria</subfield>
      <subfield code="e">author</subfield>
   </datafield>
   <datafield ind2=" " ind1=" " tag="720">
      <subfield code="a">Lozano Durán, Rosa</subfield>
      <subfield code="e">author</subfield>
   </datafield>
   <datafield ind2=" " ind1=" " tag="720">
      <subfield code="a">Rodríguez-Bejarano, Eduardo</subfield>
      <subfield code="e">author</subfield>
   </datafield>
   <datafield ind2=" " ind1=" " tag="260">
      <subfield code="c">2015-10-21</subfield>
   </datafield>
   <datafield ind2=" " ind1=" " tag="520">
      <subfield code="a">Tomato yellow leaf curl Sardinian virus (TYLCSV) is one of the causal agent of the tomato yel-low leaf curl disease, one of the most important threats to tomato crops worldwide. TYLCSV is a monopartite member of the genus Begomovirus from the family Geminiviridae. To carry out a full infection, geminiviruses need to move inside the infected cell and from one cell to an-other for which they depend on diverse cellular factors. While cell-to-cell movement has been described to occur through plasmodesmata, the way in which geminiviruses move inside the host cells is yet unknown.&#xd;
&#xd;
The identification of the host proteins involved in viral infection will be an important step to-wards the understanding of the mechanisms underlying this process. In our laboratory, trans-genic Nicotianabenthamiana plants containing a green fluorescent protein (GFP) expression cassette flanked by two direct repeats of the intergenic region of TYLCSV have been construct-ed (2IR plants). When these plants are infected with TYLCSV, an overexpression of the reporter gene is observed in those cells where the virus replicates. These plants have been used to-gether with virus induced gene silencing (VIGS) in an effort to identify host genes involved in the infection process using a reverse genetics approach. &#xd;
&#xd;
Using this combined technique our group has identified two genes δ-COP and ARF 1, involved in retrograde vesicle trafficking, which are essential for the infectious process. We are current-ly assaying genes codifying proteins involved in different pathways of the vesicle trafficking system: Sar1b, γ subunit of AP1, Sec24, SYT1 and two that encode the heavy chain of triskelion proteins. Their effect over virus infection will be presented and discussed.</subfield>
   </datafield>
   <datafield ind1="8" ind2=" " tag="024">
      <subfield code="a">http://hdl.handle.net/10630/10556</subfield>
   </datafield>
   <datafield tag="653" ind2=" " ind1=" ">
      <subfield code="a">Virus fitopatógenos</subfield>
   </datafield>
   <datafield ind2="0" ind1="0" tag="245">
      <subfield code="a">Identifying the function of vesicle trafficking in geminiviral infection using virus induced gene silencing</subfield>
   </datafield>
</record>
</metadata></record></GetRecord></OAI-PMH>